000 02502cam a22006254i 4500
003 PE-LiUPU
005 20250731170445.0
008 150706s2008 wau r 000 0 spa d
020 _a9275315949
020 _a9789275315941
035 _a(Sirsi) i9789275315941
040 _aPE-LiUPU
_bspa
_cPE-LiUPU
_dPE-LiUPU
_erda
049 _aPRUA
082 0 4 _a156.73
_bB82
_221
100 1 _aBreinbauer, Cecilia,
_eautor.
245 1 0 _aJóvenes :
_bopciones y cambios. Promoción de conductas saludables en los adolescentes /
_cCecilia Breinbauer.
264 1 _aWashington :
_bOPS,
_c2008.
300 _a347 páginas ;
_c28 centímetros.
336 _atext
_2rdacontent
337 _aunmediated
_2rdamedia
338 _avolume
_2rdacarrier
490 0 _aPublicación científica y técnica ;
_v594
505 0 _aDesarrollo de programas eficaces de promoción de la salud y de prevención destinados a los adolescentes -- Teorías y modelos para el cambio conductual y la promoción de la salud se aplicación a los adolescentes -- Cambios y objetivos en el desarrollo de los adolescentes la importancia de la intervención temprana -- Conclusiones y recomendaciones.
526 _aSEG68
526 _aSEG70
526 _aSEG69
526 _aSEG67
526 _aSEG43
526 _aP144
526 _aP143
526 _aP131
526 _aP122
526 _aP120
526 _aP117
526 _aP112
526 _aP110
526 _aP106
526 _aP101
526 _aP80
526 _aP59
526 _aP54
526 _aP35
526 _aP33
526 _aP30
541 _g001-00412;
650 0 4 _aConducta de los adolescentes.
650 0 4 _aEducación sexual (Jovenes).
650 0 4 _aPsicología del adolescente.
910 _bng
_cng
_d20090420
942 _2ddc
_cBOOK
949 _aPGS 156.73 B82
_wDEWEY
_c1
_i59566
_lCCODEBUL1
_mBUL
_p39.00
_r0
_sY
_tBOOK
_u2015-7-6
_xEDUCACION
_PP82
_0COMPRA
_o.CIRCNOTE. No olvidar cambiar la fecha de devolución!!!!!!!
_o.STAFF. Colección Ciencias de la Salud
994 _aC0
_bPEPRU
596 _a1
999 _aPGS 156.73 B82
_wDEWEY
_c49125
_i59566
_d49125
_e2018-1-22
_f2021-11-3
_g5
_lCCODEBUL1
_mBUL
_n1
_p39.00
_q1
_r0
_sY
_tBOOK
_u2015-7-6
_xSALUD
_zP82
_0COMPRA
_o.CIRCNOTE. No olvidar cambiar la fecha de devolución!!!!!!!
_o.STAFF. Colección Ciencias de la Salud
980 _81
_gALBERTO SANCHEZ Responsable de Automatización